Rastúca produktivita umožňuje rýchlejší hospodársky rast využitie informačných technológií zvyšuje zisky priemyselných odvetví a služieb v USA

Nová éra informačných technológií v hospodárstve USA. Rozmach ekonomiky USA nekončí. Hlavné príčiny pokračujúceho hospodárskeho zázraku. Úloha informačných technológií vo zvyšovaní produktivity práce. Nutnosť pribrzdiť znižovanie nezamestnanosti v záujme zamedzenia inflácie. Reálny rast hospodárstva...

Descrizione completa

Salvato in:
Dettagli Bibliografici
Autore principale: Lukáč, Ladislav
Natura: Capitolo di libro
Lingua:slovacco
Soggetti:
Tags: Aggiungi Tag
Nessun Tag, puoi essere il primo ad aggiungerne!!

MARC

LEADER 00000naa a2200000 4500
001 r035342
005 20230824101231.7
041 0 |a slo 
044 |a SK 
245 1 0 |a Rastúca produktivita umožňuje rýchlejší hospodársky rast  |b využitie informačných technológií zvyšuje zisky priemyselných odvetví a služieb v USA  |c Ladislav Lukáč 
520 |a Nová éra informačných technológií v hospodárstve USA. Rozmach ekonomiky USA nekončí. Hlavné príčiny pokračujúceho hospodárskeho zázraku. Úloha informačných technológií vo zvyšovaní produktivity práce. Nutnosť pribrzdiť znižovanie nezamestnanosti v záujme zamedzenia inflácie. Reálny rast hospodárstva USA a rast produktivity práce od 50. rokov po súčasnosť. 
610 2 0 |a rast hospodársky 
610 2 0 |a rast hospodársky dlhodobý 
610 2 0 |a USA 
610 2 0 |a rozmach 
610 2 0 |a technológie informačné 
610 2 0 |a produktivita práce 
610 2 0 |a investície 
610 2 0 |a mzdy 
610 2 0 |a miera nezamestnanosti 
610 2 0 |a inflácia 
100 1 |a Lukáč, Ladislav